00645nam a22001817a 45000050016000000100013000160200022000290200010000510350013000610370024000740820013000981000023001112450133001342460024002672600037002912700108003283000027004362012011209159.0 aB-481962 a8186895841c80.00 c80.00 aB-481962 adplbBlue Berry/Ven a363.1791 aMukherjee, Suroopa aBhopal gas tragedy:cby Mukherjee, Suroopa, Raghu Raibthe worst industrial disaster in human history, a book for young people / aBhopal Gas Tragedy  aChennaibTulika Publishersc2005 aTulika Publishers, 13 Prithvi Avenue First Street, AbhiramapurambChennaie600018mtulikabooks@vsnl.com a45p.billc27 cm (pbk)